<?xml version="1.0" encoding="UTF-8"?>
<record
    xmlns:xsi="http://www.w3.org/2001/XMLSchema-instance"
    xsi:schemaLocation="http://www.loc.gov/MARC21/slim http://www.loc.gov/standards/marcxml/schema/MARC21slim.xsd"
    xmlns="http://www.loc.gov/MARC21/slim">

  <leader>00803nam a22002535a 4500</leader>
  <datafield tag="952" ind1=" " ind2=" ">
    <subfield code="0">0</subfield>
    <subfield code="1">0</subfield>
    <subfield code="2">ddc</subfield>
    <subfield code="4">0</subfield>
    <subfield code="7">0</subfield>
    <subfield code="8">PSYCHOLOGY</subfield>
    <subfield code="a">MES</subfield>
    <subfield code="b">MES</subfield>
    <subfield code="c">PSYCHOLOGY</subfield>
    <subfield code="d">2021-07-20</subfield>
    <subfield code="e">38</subfield>
    <subfield code="g">9552.88</subfield>
    <subfield code="l">37</subfield>
    <subfield code="m">47</subfield>
    <subfield code="o">150 WEI/P</subfield>
    <subfield code="p">41179</subfield>
    <subfield code="r">2026-02-10 09:38:27</subfield>
    <subfield code="s">2025-12-27</subfield>
    <subfield code="v">13086.15</subfield>
    <subfield code="w">2021-07-20</subfield>
    <subfield code="y">BK</subfield>
    <subfield code="z">GL45R1</subfield>
  </datafield>
  <datafield tag="999" ind1=" " ind2=" ">
    <subfield code="c">41344</subfield>
    <subfield code="d">41344</subfield>
  </datafield>
  <controlfield tag="001">16936275</controlfield>
  <controlfield tag="003">OSt</controlfield>
  <controlfield tag="005">20210720120629.0</controlfield>
  <controlfield tag="008">110826s2011    cau           000 0 eng  </controlfield>
  <datafield tag="010" ind1=" " ind2=" ">
    <subfield code="a">  2011937546</subfield>
  </datafield>
  <datafield tag="020" ind1=" " ind2=" ">
    <subfield code="a">9781285062969</subfield>
  </datafield>
  <datafield tag="040" ind1=" " ind2=" ">
    <subfield code="a">DLC</subfield>
    <subfield code="c">DLC</subfield>
  </datafield>
  <datafield tag="042" ind1=" " ind2=" ">
    <subfield code="a">pcc</subfield>
  </datafield>
  <datafield tag="082" ind1=" " ind2=" ">
    <subfield code="a">150</subfield>
    <subfield code="b">WEI/P</subfield>
  </datafield>
  <datafield tag="100" ind1="1" ind2=" ">
    <subfield code="a">Weiten, Wayne,</subfield>
    <subfield code="9">8647</subfield>
    <subfield code="d">1950-</subfield>
  </datafield>
  <datafield tag="245" ind1="1" ind2="0">
    <subfield code="a">Psychology :</subfield>
    <subfield code="b">themes &amp; variations /</subfield>
    <subfield code="c">Wayne Weiten; [edited by] Jon-David Hague, Trina Tom, Kristin Makarewyck.</subfield>
  </datafield>
  <datafield tag="250" ind1=" " ind2=" ">
    <subfield code="a">Advanced Placement 9th Ed.</subfield>
  </datafield>
  <datafield tag="260" ind1=" " ind2=" ">
    <subfield code="a">Belmont, CA :</subfield>
    <subfield code="b">Cengage/Wadsworth,</subfield>
    <subfield code="c">2011.</subfield>
  </datafield>
  <datafield tag="263" ind1=" " ind2=" ">
    <subfield code="a">1111</subfield>
  </datafield>
  <datafield tag="300" ind1=" " ind2=" ">
    <subfield code="a">535,A44,G9,R71,I26pages. </subfield>
  </datafield>
  <datafield tag="906" ind1=" " ind2=" ">
    <subfield code="a">0</subfield>
    <subfield code="b">ibc</subfield>
    <subfield code="c">orignew</subfield>
    <subfield code="d">2</subfield>
    <subfield code="e">epcn</subfield>
    <subfield code="f">20</subfield>
    <subfield code="g">y-gencatlg</subfield>
  </datafield>
  <datafield tag="942" ind1=" " ind2=" ">
    <subfield code="2">ddc</subfield>
    <subfield code="c">BK</subfield>
    <subfield code="h">150</subfield>
    <subfield code="i">WEI/P</subfield>
    <subfield code="k">150</subfield>
    <subfield code="m">WEI/P</subfield>
  </datafield>
</record>
